000 00375nac a2200133zu 4500
008 260114s1992 ck a|||ar|||| 000 0 spa d
020 _6968-16-3779-8
082 _2I/813
_6 B/772
_8C/67
100 _6ANTHONY BROWNE
245 _aCOSAS QUE ME GUSTAN
260 _aMÉXICO:
_bFONDO DE CULTURA ECONÓMICA
_c2011
300 _a20 páginas;
_c18.1 cm x 15.8 cm
942 _2ddc
_cBKN
999 _c68483
_d68483